| 000 | 00662nam a22002057a 4500 | ||
|---|---|---|---|
| 999 |
_c7528 _d7528 |
||
| 003 | AR-CdUCM | ||
| 008 | 190320b ||||| |||| 00| 0 spa d | ||
| 040 |
_aMUNICIPALIDAD PROVINCIAL DEL CUSCO _cBIBLIOTECA MUNICIPAL DEL CUSCO |
||
| 082 |
_a122 / _bB39 |
||
| 100 |
_aManlio Rossi, Mario _921248 |
||
| 245 |
_aQue ha dicho verdaderamente : _bBerkeley / |
||
| 260 |
_aMadrid : _bRuan, _c1971. |
||
| 300 |
_a211 paginas ; _c18 cm. |
||
| 505 | _aContenido : Exposicion historica del pensamiento de Berkeley -- Historia de la critica ... | ||
| 650 |
_aHistoria _9136 |
||
| 650 |
_aBerkeley _921249 |
||
| 650 |
_aCritica _9666 |
||
| 942 |
_2ddc _cLIBROS |
||
| 945 | _arah | ||